| 000 | 00631aam a2200193 4500 | ||
|---|---|---|---|
| 001 | a6026 | ||
| 003 | SIRSI | ||
| 008 | 130416n2010 000 0 eng u | ||
| 020 | _a9780863564659 | ||
| 035 | _a(Sirsi) a6806 | ||
| 050 | 0 | 0 |
_aE183.8.S25 _bB56 2010 |
| 100 | 1 | _aBin Hethlain, Naif | |
| 245 | 1 | 0 |
_aSaudi Arabia and the US since 1962 : _ballies in conflict / _cNaif bin Hethlain |
| 246 | 3 | _aSaudi Arabia and the United States since 1962 | |
| 260 |
_aLondon : _bSAQI, _cc2010 |
||
| 300 |
_a382 p. ; _c24 cm |
||
| 651 | 0 |
_aUnited States _xForeign relations _zSaudi Arabia |
|
| 651 | 0 |
_aSaudi Arabia _xForeign relations _zUnited States |
|
| 999 |
_c21248 _d21248 |
||